Marcatori dell'Inghilterra ai Mondiali - Corea del Sud-Giappone 2002 - Statistics

Statistiche generali
  • Questo quiz è stato fatto 4 volte
  • Il punteggio medio è 4 su 6
Statistiche sulle risposte
Partita Minuto Marcatore % Corretto
Argentina - Inghilterra 0-1 44' David Beckham
100%
Danimarca - Inghilterra 0-3 22' Michael Owen
100%
Inghilterra - Brasile 1-2 23' Michael Owen
100%
Danimarca - Inghilterra 0-3 5' Rio Ferdinand
50%
Inghilterra - Svezia 1-1 24' Sol Campbell
50%
Danimarca - Inghilterra 0-3 44' Emile Heskey
0%
Nessun quiz corrispondente trovato
Distribuzione punteggi
Percentuale di utenti per punteggio
Percentile per numero di risposta
I tuoi punteggi nel tempo
Non hai fatto questo quiz